L'orthographe, le lexique et la syntaxe : En 100 fiches et 150 exercices (notice n° 1949893)

détails MARC
000 -LEADER
fixed length control field 00902cam a2200133 4500500
005 - DATE AND TIME OF LATEST TRANSACTION
control field 20260329031836.0
041 ## - LANGUAGE CODE
Language code of text/sound track or separate title fre
042 ## - AUTHENTICATION CODE
Authentication code dc
100 10 - MAIN ENTRY--PERSONAL NAME
Personal name Vassevière, Jacques
Relator term author
245 00 - TITLE STATEMENT
Title L'orthographe, le lexique et la syntaxe : En 100 fiches et 150 exercices
260 ## - PUBLICATION, DISTRIBUTION, ETC.
Name of publisher, distributor, etc. Armand Colin,<br/>
Date of publication, distribution, etc. 2018.<br/>
520 ## - SUMMARY, ETC.
Summary, etc. Ponctuation, grammaire, conjugaison, registres de langue, précision et richesse du vocabulaire… En 100 fiches, cet ouvrage propose une approche de l’orthographe pratique et positive fondée sur l’idée que la compréhension du fonctionnement de la langue est essentielle à sa maîtrise. Ponctuée de rubriques et d’exemples, chaque fiche expose de manière claire et synthétique les règles à maîtriser pour briller à l’écrit.
856 41 - ELECTRONIC LOCATION AND ACCESS
Uniform Resource Identifier <a href="https://shs.cairn.info/l-orthographe-le-lexique-et-la-syntaxe--9782200621339?lang=fr&redirect-ssocas=7080">https://shs.cairn.info/l-orthographe-le-lexique-et-la-syntaxe--9782200621339?lang=fr&redirect-ssocas=7080</a>

Pas d'exemplaire disponible.

PLUDOC

PLUDOC est la plateforme unique et centralisée de gestion des bibliothèques physiques et numériques de Guinée administré par le CEDUST. Elle est la plus grande base de données de ressources documentaires pour les Étudiants, Enseignants chercheurs et Chercheurs de Guinée.

Adresse

627 919 101/664 919 101

25 boulevard du commerce
Kaloum, Conakry, Guinée

Réseaux sociaux

Powered by Netsen Group @ 2025